000 01390nam a22003857a 4500
003 CHAP
005 20220329141304.0
008 971010s1981 r 00010 d
010 _a65829
011 _a66801
035 _a75776
040 _cCHAP
090 _aTesis
100 0 0 _aCigales Rivero, María de los Remedios.
_923277
245 _aEvaluación de la actividad degradativa de microorganismos aislados de suelos derivados de cenizas volcánicas
260 _aChapingo, Méx. :
_bEl autor,
_c1981
300 _a107 h.
_b; láms. ; gráfs.
502 _aTesis (Ing. Agr. Esp. en Suelos) . -- UACH. Departamento de Suelos
590 _aALEPH
_b10
_c20130110
_lUCH01
_h1358
590 _aBATCH-UPD
_b10
_c20130110
_lUCH01
_h0520
590 _aBATCH-UPD
_b10
_c20130410
_lUCH01
_h0158
590 _aBATCH-UPD
_b10
_c20130914
_lUCH01
_h0938
590 _aCONVERSION
_b10
_c20130109
_lUCH01
_h1336
650 1 4 _aMateria orgánica
_xDescomposición.
_972932
650 1 4 _aSuelos volcánicos.
_9110567
650 1 4 _aSuelos
_xDegradación.
_9110336
650 1 4 _aSuelos
_xMicrobiología.
_9110434
901 _aBK
942 _cFOLL
949 _bBC
_cTES
_d-140847
_eTS1
_i75776
_si
949 _bBC
_cTES
_d-140848
_eTS2
_fc.2
_i75776
_si
949 _bBC
_cTES
_d-140849
_eTS2
_fc.3
_h22097
_i75776
_si
949 _bS
_cTESBD
_d-26391
_eTS1
_i75776
_si
949 _bZA
_cTESBD
_d-8742
_eTS1
_h86
_i75776
_si
999 _c65829
_d65829